000 01228nam a2200325 a 4500
001 000013500
003 DO-SdBNP
005 20240404125759.0
007 000013500
008 091126s2003 dr 001 0 spa d
020 _a9993455482
040 _aBPMSU
_bspa
_cBPMSU
082 4 _aRD868.4
_bC422o 2003
_222
100 1 _aCestero, Tulio M.
_q(Tulio Manuel),
_41877 -1955
245 1 0 _aObras escogidas /
_cTulio Manuel Cestero; edición Andrés Blanco Díaz.
260 _aSanto Domingo :
_bEdiciones de la Fundación Corripio,
_c2003.
300 _av. :
_bil., retr. ;
_c23 cm.
490 1 _aBiblioteca de clásicos dominicanos;
_v36, 37
500 _aIncluye datos biográficos del autor en la solapa de la cubierta
500 _aIncluye referencias bibliográficas y notas al pie de las páginas
505 2 _gv. 1
_tNovela --
_gv. 2
_tCésar Borgia y otros ensayos --
590 _aInventariado, 2024/VM
600 1 4 _aCestero, Julio M
_q(Tulio Manuel)
_d1877-1955
_xCrítica e interpretación
600 1 4 _aBorgia, César
_d1475-1507
650 4 _aEnsayos dominicanos
650 4 _aLiteratura dominicana
700 1 _aBlanco Díaz, Andrés
_eed.
910 _aVMateo V. Control de calidad. BPMSU
942 _2ddc
_cBK
999 _c7566
_d7566